<?xml version="1.0" encoding="UTF-8"?><?xml-stylesheet type="text/xsl" href="static/style.xsl"?><OAI-PMH xmlns="http://www.openarchives.org/OAI/2.0/" xmlns:xsi="http://www.w3.org/2001/XMLSchema-instance" xsi:schemaLocation="http://www.openarchives.org/OAI/2.0/ http://www.openarchives.org/OAI/2.0/OAI-PMH.xsd"><responseDate>2026-04-14T02:52:28Z</responseDate><request verb="GetRecord" identifier="oai:www.recercat.cat:2072/416378" metadataPrefix="marc">https://recercat.cat/oai/request</request><GetRecord><record><header><identifier>oai:recercat.cat:2072/416378</identifier><datestamp>2025-09-17T01:04:43Z</datestamp><setSpec>com_2072_98</setSpec><setSpec>col_2072_378192</setSpec></header><metadata><record xmlns="http://www.loc.gov/MARC21/slim" xmlns:dcterms="http://purl.org/dc/terms/" xmlns:xsi="http://www.w3.org/2001/XMLSchema-instance" xmlns:doc="http://www.lyncode.com/xoai" xsi:schemaLocation="http://www.loc.gov/MARC21/slim http://www.loc.gov/standards/marcxml/schema/MARC21slim.xsd">
   <leader>00925njm 22002777a 4500</leader>
   <datafield ind2=" " ind1=" " tag="042">
      <subfield code="a">dc</subfield>
   </datafield>
   <datafield ind2=" " ind1=" " tag="720">
      <subfield code="a">García-Naveira, Alejo</subfield>
      <subfield code="e">author</subfield>
   </datafield>
   <datafield ind2=" " ind1=" " tag="720">
      <subfield code="a">Garcia Mas, Alexandre</subfield>
      <subfield code="e">author</subfield>
   </datafield>
   <datafield ind2=" " ind1=" " tag="720">
      <subfield code="a">Ruiz Barquín, Roberto</subfield>
      <subfield code="e">author</subfield>
   </datafield>
   <datafield ind2=" " ind1=" " tag="720">
      <subfield code="a">Cantón Chirivella, Enrique</subfield>
      <subfield code="e">author</subfield>
   </datafield>
   <datafield ind2=" " ind1=" " tag="260">
      <subfield code="c">2017</subfield>
   </datafield>
   <datafield ind2=" " ind1=" " tag="520">
      <subfield code="a">El objetivo de este trabajo es el de estudiar el efecto de un programa de coaching sobre la percepción de la salud general y emocional (medido con el GHQ-12; Sánchez-López y Dresch, 2008) y el bienestar psicológico (medido con el EBP; Díaz et al., 2006) en un grupo de jóvenes atletas de alto rendimiento. Los resultados indican que el grupo experimental (n = 38), tras la realización del programa de coaching (con un promedio de 4 a 6 sesiones y 45 a 60 minutos por sesión), mejora su percepción de bienestar y salud psicológica. Estos cambios no se observan en el grupo control (n = 41). Se concluye que cuando una intervención en coaching aporta mejoras en la vida de la persona es posible que se favorezca su percepción de bienestar y salud psicológica.</subfield>
   </datafield>
   <datafield ind2=" " ind1=" " tag="520">
      <subfield code="a">The aim of this work is to study the effect of a coaching program on the perception of general and emotional health (measured by the GHQ-12; Sánchez-López and Dresch, 2008) and the psychological well-being (measured using the EBP; Diaz et al, 2006) in a group of young elite athletes. The results indicate that the experimental group (n = 38), after completion of the coaching program (with an average of 4-6 sessions, and 45-60 minutes per session), improved their perception of well-being and psychological health. These changes are not observed in the control group (n = 41). We conclude that when a coaching intervention makes improvements in the life of the person is possible that the psychological well-being and the perception of his/her health are also enhanced.</subfield>
   </datafield>
   <datafield ind2=" " ind1=" " tag="520">
      <subfield code="a">O objetivo deste trabalho é estudar o efeito de um programa de treinamento sobre a percepção da saúde geral e emocional (medida pelo GHQ-12; Sánchez-López e Dresch, 2008) e bem-estar psicológico (medido com EBP; Diaz et al, 2006) em um grupo de atletas jovens de alto desempenho .. Os resultados indicam que o grupo experimental (n = 38) após a conclusão do programa de treinamento (com uma média de quatro a seis sessões e 45 a 60 minutos por sessão), melhora a percepção de bem-estar e saúde psicológica. Estas mudanças não são observados no grupo de controlo (n = 41). Conclui-se que, quando uma intervenção de coaching traz melhorias na vida da pessoa é possível que a sua percepção de bem-estar e saúde psicológica é favorecido.</subfield>
   </datafield>
   <datafield tag="653" ind2=" " ind1=" ">
      <subfield code="a">Deporte de rendimiento</subfield>
   </datafield>
   <datafield tag="653" ind2=" " ind1=" ">
      <subfield code="a">Intervención en coaching</subfield>
   </datafield>
   <datafield tag="653" ind2=" " ind1=" ">
      <subfield code="a">Salud emocional</subfield>
   </datafield>
   <datafield tag="653" ind2=" " ind1=" ">
      <subfield code="a">Bienestar psicológico</subfield>
   </datafield>
   <datafield tag="653" ind2=" " ind1=" ">
      <subfield code="a">Sport performance</subfield>
   </datafield>
   <datafield tag="653" ind2=" " ind1=" ">
      <subfield code="a">Coaching program</subfield>
   </datafield>
   <datafield tag="653" ind2=" " ind1=" ">
      <subfield code="a">Emotional health</subfield>
   </datafield>
   <datafield tag="653" ind2=" " ind1=" ">
      <subfield code="a">Psychological well-being</subfield>
   </datafield>
   <datafield ind2="0" ind1="0" tag="245">
      <subfield code="a">Programa de intervención basada en el coaching en jóvenes deportistas de alto rendimiento, y su relación con la percepción de bienestar y salud psicológica</subfield>
   </datafield>
</record></metadata></record></GetRecord></OAI-PMH>